000 00635nam a2200241 a 4500
999 _c6741
_d6741
001 6741
003 BD-JhCC
005 20180329180359.0
008 180129s19921980enk 000 1 eng d
020 _a03405591798
035 _a(BD-JhCC)6741
040 _aBD-JhCC
_dBD-JhCC
041 _aeng
082 _a823.914
_bLEC 1981
100 1 _aLe Carré, John,
_d1931-
245 1 0 _aSmiley's people /
_cJohn Le Carr'e,
260 _aDunton Green :
_bCoronet,
_c1992
300 _a327 p. :
_c20 cm.
500 _aFirst published in Great Britain: Hodder and Stoughton, 1980
650 _aSmiley
942 _2ddc
_cBK